Temporal data and the relational model (Record no. 156)

MARC details
000 -LEADER
Fixed length control field 00587nam a2200193 4500
003 - CONTROL NUMBER IDENTIFIER
Control field SEACOMEC
005 - DATE AND TIME OF LATEST TRANSACTION
Control field 20240416122437.0
008 - FIXED-LENGTH DATA ELEMENTS--GENERAL INFORMATION
Fixed length control field 231006b |||||||| |||| 00| 0 eng d
040 ## - CATALOGING SOURCE
Original cataloging agency SEACOMEC
082 ## - DEWEY DECIMAL CLASSIFICATION NUMBER
Classification number 005.75
Book Number D323
100 1# - MAIN ENTRY--PERSONAL NAME
Personal name Date, C.J.
245 1# - TITLE STATEMENT
Title Temporal data and the relational model
Sub title a detailed investigation
Statement of responsibility C.J. Date, hugh Darwen and Nikes A. Lorentzes
260 ## - IMPRINT
Place of publication New Delhi
Name of publisher Elsevier
Date of publication 2006
650 ## - SUBJECT ADDED ENTRY--TOPICAL TERM
Topical term Computer programming, programs, data
650 ## - SUBJECT ADDED ENTRY--TOPICAL TERM
Topical term Data in computer systems
700 1# - ADDED ENTRY--PERSONAL NAME
Personal name Darwen , hugh
700 1# - ADDED ENTRY--PERSONAL NAME
Personal name Lorentzes, Nikes A.
942 ## - ADDED ENTRY ELEMENTS (KOHA)
Koha item type Books
Holdings
Withdrawn status Lost status Source of classification Damaged status Not for loan Home library Current library Date acquired Total Checkouts Call number Accession number Date last seen Price effective from Koha item type
    Dewey Decimal Classification     SEACOM ENGINEERING COLLEGE SEACOM ENGINEERING COLLEGE 16/04/2024   005.75 D323 5124 16/04/2024 16/04/2024 Books
© Seacom Engineering College, All rights reserved.      Powered by Koha